000
00328nam a22001457a 4500
008
221114b ||||| |||| 00| 0 eng d
020
_a
9789951552868
041
_a
eng
080
_a
72
082
_a
72 SEJ
100
_a
19.1
101
_a
ARK
245
_a
STRUKTURA DHE VETITE E DRURIT
_c
MUHARREM SEJDIU
942
_2
udc
_c
BK
999
_c
58888
_d
58888